00894nam a2200241Ia 4500001000600000003000900006008004100015040001300056040001300069041001300082100001900095100002900114245003400143245002500177250001100202260001100213260002300224260004900247300005900296500024500355650002100600650003100621H6879IT-RoPAU130308s9999 xx 000 0 und d aIT-RoPAU cIT-RoPAU aFRANCESE aKaltenmark Max gCodice Aut. SPICS: 58726 aDanses sacrees en Chine (Les) bDanses Sacrees (Les) a1a ed. a PARIS bEditions Du Seuil  c1963 [1° Ed.:1963 - Ed.Ling.Originale:1963] a"50 p. (prefazione: no ; testo: 50 [pagine: 411-450])" aTeorie Classiche della Musica. Danze Dinastiche. La Grande Danza militare dei Tcheou. Danze dei Barbari. Danze Dinastiche Imperiali. Danze del paese di Tch'Ou. musiche Non Ortodosse. La Danza Nei Miti e nelle Leggende. La Danza e Il Teatro. aDANZA E BALLETTO eCodice materia Spics: 8200